Kingfisher first thesaurus

Bibliographic Details
Format: Book
Published: London : Kingfisher , 2011
Subjects:

MARC

LEADER 00000cam a2200000 7i4500
001 0000161557
005 20130408.0
020 |a 9780753431832 
090 0 0 |a 423.12   |b KIN 
245 0 0 |a Kingfisher first thesaurus 
260 |a London :   |b Kingfisher ,   |c 2011 
300 |a 144p. :   |b ill. ;   |c 28cm. 
650 0 0 |a English language   |x Synonyms and antonyms   |x Dictionaries   |x Juvenile literature 
999 |a 00268012   |b BUKU   |c JUNIOR BOOKS   |e PERPUSTAKAAN KOMUNITI PETALING JAYA